000 00675 a2200205 4500
001 216222713
003 UA-OsUOA
005 20220912150525.0
008 220825b un ||||| |||| 00| 0 ukr d
040 _aUA-OsUOA
_bukr
_cUA-OsUOA
_dUA-OsUOA
041 _aukr
080 _a09:050
090 _a09:050
_bЮ12
245 _aЮвілейний альманах Провидіння 1914-1939.
_bз календарем на 1939
260 _c1939
650 _2UDC
_a050 Періодика
942 _cMGN
_2udc
955 _a0
999 _c573014
_d573014